|
|
|
|
| LEADER |
00710cam a2200181ua 4500 |
| 020 |
|
|
|a 0-07-053070-X
|
| 082 |
|
|
|a 004.22
|b HWA/A
|
| 100 |
0 |
|
|a Hwang,, Kai
|
| 245 |
1 |
2 |
|a Advanced computer architecture: parallelism scalability programmability /
|
| 250 |
|
|
|a 2nd ed
|
| 260 |
|
|
|a New York:
|b Mc Graw Hill,
|c 1993.
|
| 300 |
|
|
|a xxiv, 770p..
|
| 500 |
|
|
|a Includes bibliography and index.
|
| 650 |
0 |
|
|a Computer science
|
| 942 |
|
|
|c BK
|
| 999 |
|
|
|c 30422
|d 30422
|
| 952 |
|
|
|0 0
|1 0
|4 0
|6 004_220000000000000_HWAA
|7 0
|9 32241
|a KUCL
|b KUCL
|d 2014-05-23
|l 4
|o 004.22 HWA/A
|p 00321
|r 2019-09-18
|s 2019-08-16
|y BK
|
| 952 |
|
|
|0 0
|1 0
|4 0
|6 004_220000000000000_HWAA
|7 0
|9 32242
|a KUCL
|b KUCL
|d 2014-05-23
|l 4
|m 1
|o 004.22 HWA/A
|p 10329
|r 2019-09-18
|s 2019-08-16
|y BK
|